=LDR 00000nam 2200000 4500 =001 INLIS000000000004090 =005 20251118104118 =035 ##$$a 0010-0625000295 =007 ta =008 251118################f##########0#ind## =082 ##$$a 616.959 8 =084 ##$$a 616.959 8 INN s =100 #$$a Inne Susanti =245 1#$$a Survei Tentang Penderita Kanker Hati di Indonesia Tahun 1984 -1987 /$c Inne Susanti =260 ##$$a Jakarta :$b Badan Koordinasi Keluarga Berencana Nasional,$c 1989 =300 ##$$a 71 hlm. : $b ilus. =650 #4$$a Kanker Hati =700 #$$a Flourisa =651 #4$$a Indonesia =856 ##$$a Perpustakaan Kemendukbangga